I love bugs / (Record no. 7927)

MARC details
000 -LEADER
fixed length control field 01204nam a22003017a 4500
001 - CONTROL NUMBER
control field 7927
003 - CONTROL NUMBER IDENTIFIER
control field FISKH
005 - DATE AND TIME OF LATEST TRANSACTION
control field 20250814094349.0
008 - FIXED-LENGTH DATA ELEMENTS--GENERAL INFORMATION
fixed length control field 250814b cb ||||| |||| 00| 0 eng d
020 ## - INTERNATIONAL STANDARD BOOK NUMBER
International Standard Book Number 9781842367803
040 ## - CATALOGING SOURCE
Original cataloging agency FISKH
Language of cataloging eng
Transcribing agency FISKH
Modifying agency FISKH
050 ## - LIBRARY OF CONGRESS CALL NUMBER
Classification number QL467.P3525
082 ## - DEWEY DECIMAL CLASSIFICATION NUMBER
Classification number 595.7
100 ## - MAIN ENTRY--PERSONAL NAME
Personal name Parker, Steve
Dates associated with a name (1952–)
245 ## - TITLE STATEMENT
Title I love bugs /
Statement of responsibility, etc. By Steve Parker ; Illustrated by Richard Draper
250 ## - EDITION STATEMENT
Edition statement This edition first published in 2011
260 ## - PUBLICATION, DISTRIBUTION, ETC.
Place of publication, distribution, etc. Bardfield :
Name of publisher, distributor, etc. MIlesKelly,
Date of publication, distribution, etc. 2006
300 ## - PHYSICAL DESCRIPTION
Extent 24 pages :
Other physical details color illustrations ;
Dimensions 24 cm
505 ## - FORMATTED CONTENTS NOTE
Formatted contents note C<br/>
520 ## - SUMMARY, ETC.
Summary, etc. For those children who love creepy crawly bugs and insects, this book will be an exciting ride. Bugs come in all sizes and live all over the world, and this book introduces some of the most interesting of them. With extremely detailed illustrations, fun factual information, and many easy-to-do activities, this book will be a hit with early readers and bug lovers alike.<br/>
521 8# - TARGET AUDIENCE NOTE
Target audience note 150<br/>
Source Lexile<br/>
521 8# - TARGET AUDIENCE NOTE
Target audience note C<br/>
Source Raz-Plus<br/>
650 ## - SUBJECT ADDED ENTRY--TOPICAL TERM
Source of heading or term Bugs
Topical term or geographic name entry element Animals
650 ## - SUBJECT ADDED ENTRY--TOPICAL TERM
Source of heading or term Non-fiction
Topical term or geographic name entry element Insects
700 ## - ADDED ENTRY--PERSONAL NAME
Personal name Draper, Richard
Dates associated with a name illustrator
942 ## - ADDED ENTRY ELEMENTS (KOHA)
Source of classification or shelving scheme Dewey Decimal Classification
Koha item type Books
Suppress in OPAC No
Holdings
Withdrawn status Lost status Source of classification or shelving scheme Damaged status Not for loan Collection Home library Current library Shelving location Date acquired Total Checkouts Full call number Barcode Date last seen Copy number Price effective from Koha item type
    Dewey Decimal Classification     Non-Fiction Footprints International School Library Network Toul Tom Poung Campus Footprints International School Library Network Toul Tom Poung Campus TTP Primary Green Bookshelves 08/14/2025   PAR 595.7 QL467.P3525 FISBK06327 08/14/2025 1 08/14/2025 Books